000 00307nam a22001337a 4500
008 170915b xxu||||| |||| 00| 0 eng d
020 _a9780321292483
041 _aeng
080 _a7
100 _a44
101 _aART
245 _aA SHORT GIDE TO WRITING ABOUT ART
_cBARNET.S
942 _2udc
_cBK
999 _c27794
_d27794